<?xml version="1.0" encoding="UTF-8"?>
<record
    xmlns:xsi="http://www.w3.org/2001/XMLSchema-instance"
    xsi:schemaLocation="http://www.loc.gov/MARC21/slim http://www.loc.gov/standards/marcxml/schema/MARC21slim.xsd"
    xmlns="http://www.loc.gov/MARC21/slim">

  <leader>00721nam a22002657a 4500</leader>
  <controlfield tag="005">20250910114712.0</controlfield>
  <controlfield tag="008">250910b        |||||||| |||| 00| 0 eng d</controlfield>
  <datafield tag="020" ind1=" " ind2=" ">
    <subfield code="a">9789348002976</subfield>
  </datafield>
  <datafield tag="040" ind1=" " ind2=" ">
    <subfield code="c">AL</subfield>
  </datafield>
  <datafield tag="041" ind1=" " ind2=" ">
    <subfield code="a">eng</subfield>
  </datafield>
  <datafield tag="082" ind1=" " ind2=" ">
    <subfield code="a">346.015</subfield>
    <subfield code="b">DIWF</subfield>
  </datafield>
  <datafield tag="100" ind1=" " ind2=" ">
    <subfield code="a">Paras Diwan</subfield>
    <subfield code="9">238470</subfield>
  </datafield>
  <datafield tag="245" ind1=" " ind2=" ">
    <subfield code="a">Family Law</subfield>
  </datafield>
  <datafield tag="250" ind1=" " ind2=" ">
    <subfield code="a">14</subfield>
  </datafield>
  <datafield tag="260" ind1=" " ind2=" ">
    <subfield code="a">Haryana</subfield>
    <subfield code="b">Allahabad Law Agency</subfield>
    <subfield code="c">2025</subfield>
  </datafield>
  <datafield tag="300" ind1=" " ind2=" ">
    <subfield code="a">xlviii,619p</subfield>
    <subfield code="b">PB</subfield>
    <subfield code="c">24x16cm</subfield>
  </datafield>
  <datafield tag="365" ind1=" " ind2=" ">
    <subfield code="2">Law</subfield>
    <subfield code="a">583</subfield>
    <subfield code="b">637.50</subfield>
    <subfield code="c">&#x20B9;</subfield>
    <subfield code="d">850.00</subfield>
    <subfield code="e">583</subfield>
    <subfield code="f">03-09-2025</subfield>
  </datafield>
  <datafield tag="650" ind1=" " ind2=" ">
    <subfield code="a">Schools of Law</subfield>
    <subfield code="9">238471</subfield>
  </datafield>
  <datafield tag="650" ind1=" " ind2=" ">
    <subfield code="a">Marriage</subfield>
    <subfield code="9">238472</subfield>
  </datafield>
  <datafield tag="650" ind1=" " ind2=" ">
    <subfield code="a">Dowry</subfield>
    <subfield code="9">238473</subfield>
  </datafield>
  <datafield tag="650" ind1=" " ind2=" ">
    <subfield code="a">Matrimonial </subfield>
    <subfield code="9">238474</subfield>
  </datafield>
  <datafield tag="650" ind1=" " ind2=" ">
    <subfield code="a">Muslim Wakfs</subfield>
    <subfield code="9">238475</subfield>
  </datafield>
  <datafield tag="700" ind1=" " ind2=" ">
    <subfield code="a">Jain, Peeyushi Diwan</subfield>
    <subfield code="9">238476</subfield>
  </datafield>
  <datafield tag="942" ind1=" " ind2=" ">
    <subfield code="2">ddc</subfield>
    <subfield code="c">BK</subfield>
  </datafield>
  <datafield tag="999" ind1=" " ind2=" ">
    <subfield code="c">240416</subfield>
    <subfield code="d">240416</subfield>
  </datafield>
  <datafield tag="952" ind1=" " ind2=" ">
    <subfield code="0">0</subfield>
    <subfield code="1">0</subfield>
    <subfield code="2">ddc</subfield>
    <subfield code="4">0</subfield>
    <subfield code="7">0</subfield>
    <subfield code="8">Law</subfield>
    <subfield code="a">LL</subfield>
    <subfield code="b">LL</subfield>
    <subfield code="d">2025-09-03</subfield>
    <subfield code="e">MPP House, Law Book Publishers, Bengaluru-560009</subfield>
    <subfield code="g">637.50</subfield>
    <subfield code="l">2</subfield>
    <subfield code="o">346.015 DIWF</subfield>
    <subfield code="p">LL002416</subfield>
    <subfield code="q">2026-03-31</subfield>
    <subfield code="r">2026-05-07 16:35:08</subfield>
    <subfield code="s">2026-05-07</subfield>
    <subfield code="v">850.00</subfield>
    <subfield code="w">2025-09-10</subfield>
    <subfield code="y">BK</subfield>
  </datafield>
  <datafield tag="952" ind1=" " ind2=" ">
    <subfield code="0">0</subfield>
    <subfield code="1">0</subfield>
    <subfield code="2">ddc</subfield>
    <subfield code="4">0</subfield>
    <subfield code="7">0</subfield>
    <subfield code="8">Law</subfield>
    <subfield code="a">LL</subfield>
    <subfield code="b">LL</subfield>
    <subfield code="d">2025-09-03</subfield>
    <subfield code="e">MPP House, Law Book Publishers, Bengaluru-560009</subfield>
    <subfield code="g">637.50</subfield>
    <subfield code="l">0</subfield>
    <subfield code="o">346.015 DIWF</subfield>
    <subfield code="p">LL002417</subfield>
    <subfield code="r">2025-09-10 11:49:01</subfield>
    <subfield code="v">850.00</subfield>
    <subfield code="w">2025-09-10</subfield>
    <subfield code="y">BK</subfield>
  </datafield>
  <datafield tag="952" ind1=" " ind2=" ">
    <subfield code="0">0</subfield>
    <subfield code="1">0</subfield>
    <subfield code="2">ddc</subfield>
    <subfield code="4">0</subfield>
    <subfield code="7">0</subfield>
    <subfield code="8">Law</subfield>
    <subfield code="a">LL</subfield>
    <subfield code="b">LL</subfield>
    <subfield code="d">2025-09-18</subfield>
    <subfield code="e">MPP House, Law Book Publishers, Bengaluru-560009</subfield>
    <subfield code="g">637.50</subfield>
    <subfield code="l">0</subfield>
    <subfield code="o">346.015 DIWF</subfield>
    <subfield code="p">LL002529</subfield>
    <subfield code="r">2025-09-20 12:24:49</subfield>
    <subfield code="v">850.00</subfield>
    <subfield code="w">2025-09-20</subfield>
    <subfield code="y">BK</subfield>
  </datafield>
  <datafield tag="952" ind1=" " ind2=" ">
    <subfield code="0">0</subfield>
    <subfield code="1">0</subfield>
    <subfield code="2">ddc</subfield>
    <subfield code="4">0</subfield>
    <subfield code="7">0</subfield>
    <subfield code="8">Law</subfield>
    <subfield code="a">LL</subfield>
    <subfield code="b">LL</subfield>
    <subfield code="d">2025-09-18</subfield>
    <subfield code="e">MPP House, Law Book Publishers, Bengaluru-560009</subfield>
    <subfield code="g">637.50</subfield>
    <subfield code="l">0</subfield>
    <subfield code="o">346.015 DIWF</subfield>
    <subfield code="p">LL002530</subfield>
    <subfield code="r">2025-09-20 12:24:49</subfield>
    <subfield code="v">850.00</subfield>
    <subfield code="w">2025-09-20</subfield>
    <subfield code="y">BK</subfield>
  </datafield>
  <datafield tag="952" ind1=" " ind2=" ">
    <subfield code="0">0</subfield>
    <subfield code="1">0</subfield>
    <subfield code="2">ddc</subfield>
    <subfield code="4">0</subfield>
    <subfield code="7">0</subfield>
    <subfield code="8">Law</subfield>
    <subfield code="a">LL</subfield>
    <subfield code="b">LL</subfield>
    <subfield code="d">2025-09-18</subfield>
    <subfield code="e">MPP House, Law Book Publishers, Bengaluru-560009</subfield>
    <subfield code="g">637.50</subfield>
    <subfield code="l">0</subfield>
    <subfield code="o">346.015 DIWF</subfield>
    <subfield code="p">LL002531</subfield>
    <subfield code="r">2025-09-20 12:24:49</subfield>
    <subfield code="v">850.00</subfield>
    <subfield code="w">2025-09-20</subfield>
    <subfield code="y">BK</subfield>
  </datafield>
  <datafield tag="952" ind1=" " ind2=" ">
    <subfield code="0">0</subfield>
    <subfield code="1">0</subfield>
    <subfield code="2">ddc</subfield>
    <subfield code="4">0</subfield>
    <subfield code="7">0</subfield>
    <subfield code="8">Law</subfield>
    <subfield code="a">LL</subfield>
    <subfield code="b">LL</subfield>
    <subfield code="d">2025-09-18</subfield>
    <subfield code="e">MPP House, Law Book Publishers, Bengaluru-560009</subfield>
    <subfield code="g">637.50</subfield>
    <subfield code="l">0</subfield>
    <subfield code="o">346.015 DIWF</subfield>
    <subfield code="p">LL002532</subfield>
    <subfield code="r">2025-09-20 12:24:49</subfield>
    <subfield code="v">850.00</subfield>
    <subfield code="w">2025-09-20</subfield>
    <subfield code="y">BK</subfield>
  </datafield>
  <datafield tag="952" ind1=" " ind2=" ">
    <subfield code="0">0</subfield>
    <subfield code="1">0</subfield>
    <subfield code="2">ddc</subfield>
    <subfield code="4">0</subfield>
    <subfield code="7">0</subfield>
    <subfield code="8">Law</subfield>
    <subfield code="a">LL</subfield>
    <subfield code="b">LL</subfield>
    <subfield code="d">2025-09-18</subfield>
    <subfield code="e">MPP House, Law Book Publishers, Bengaluru-560009</subfield>
    <subfield code="g">637.50</subfield>
    <subfield code="l">2</subfield>
    <subfield code="o">346.015 DIWF</subfield>
    <subfield code="p">LL002533</subfield>
    <subfield code="q">2026-03-31</subfield>
    <subfield code="r">2026-04-10 09:09:33</subfield>
    <subfield code="s">2026-04-10</subfield>
    <subfield code="v">850.00</subfield>
    <subfield code="w">2025-09-20</subfield>
    <subfield code="y">BK</subfield>
  </datafield>
  <datafield tag="952" ind1=" " ind2=" ">
    <subfield code="0">0</subfield>
    <subfield code="1">0</subfield>
    <subfield code="2">ddc</subfield>
    <subfield code="4">0</subfield>
    <subfield code="7">0</subfield>
    <subfield code="8">Law</subfield>
    <subfield code="a">LL</subfield>
    <subfield code="b">LL</subfield>
    <subfield code="d">2025-09-18</subfield>
    <subfield code="e">MPP House, Law Book Publishers, Bengaluru-560009</subfield>
    <subfield code="g">637.50</subfield>
    <subfield code="l">0</subfield>
    <subfield code="o">346.015 DIWF</subfield>
    <subfield code="p">LL002534</subfield>
    <subfield code="r">2025-09-20 12:24:49</subfield>
    <subfield code="v">850.00</subfield>
    <subfield code="w">2025-09-20</subfield>
    <subfield code="y">BK</subfield>
  </datafield>
  <datafield tag="952" ind1=" " ind2=" ">
    <subfield code="0">0</subfield>
    <subfield code="1">0</subfield>
    <subfield code="2">ddc</subfield>
    <subfield code="4">0</subfield>
    <subfield code="7">0</subfield>
    <subfield code="8">Law</subfield>
    <subfield code="a">LL</subfield>
    <subfield code="b">LL</subfield>
    <subfield code="d">2025-09-18</subfield>
    <subfield code="e">MPP House, Law Book Publishers, Bengaluru-560009</subfield>
    <subfield code="g">637.50</subfield>
    <subfield code="l">0</subfield>
    <subfield code="o">346.015 DIWF</subfield>
    <subfield code="p">LL002535</subfield>
    <subfield code="r">2025-09-20 12:24:49</subfield>
    <subfield code="v">850.00</subfield>
    <subfield code="w">2025-09-20</subfield>
    <subfield code="y">BK</subfield>
  </datafield>
  <datafield tag="952" ind1=" " ind2=" ">
    <subfield code="0">0</subfield>
    <subfield code="1">0</subfield>
    <subfield code="2">ddc</subfield>
    <subfield code="4">0</subfield>
    <subfield code="7">0</subfield>
    <subfield code="8">Law</subfield>
    <subfield code="a">LL</subfield>
    <subfield code="b">LL</subfield>
    <subfield code="d">2025-09-18</subfield>
    <subfield code="e">MPP House, Law Book Publishers, Bengaluru-560009</subfield>
    <subfield code="g">637.50</subfield>
    <subfield code="l">0</subfield>
    <subfield code="o">346.015 DIWF</subfield>
    <subfield code="p">LL002536</subfield>
    <subfield code="r">2025-09-20 12:24:49</subfield>
    <subfield code="v">850.00</subfield>
    <subfield code="w">2025-09-20</subfield>
    <subfield code="y">BK</subfield>
  </datafield>
</record>
